WORLD CONSPIRACY : (Record no. 195091)

MARC details
000 -LEADER
fixed length control field 01088nam a2200289 i 4500
005 - DATE AND TIME OF LATEST TRANSACTION
control field 20240218123646.0
008 - FIXED-LENGTH DATA ELEMENTS--GENERAL INFORMATION
fixed length control field 240218s2023 my oab g 000 0 may d
020 ## - INTERNATIONAL STANDARD BOOK NUMBER
International Standard Book Number 9789672278764
Terms of availability RM39.90
Qualifying information paperback
040 ## - CATALOGING SOURCE
Original cataloging agency PPAK
Language of cataloging eng
Transcribing agency PPAK
Description conventions rda
082 04 - DEWEY DECIMAL CLASSIFICATION NUMBER
Edition number 23
Classification number 001.98
090 00 - LOCALLY ASSIGNED LC-TYPE CALL NUMBER (OCLC); LOCAL CALL NUMBER (RLIN)
Classification number (OCLC) (R) ; Classification number, CALL (RLIN) (NR) 001.98
Feature heading JAG
Feature heading G
100 0# - MAIN ENTRY--PERSONAL NAME
Personal name Jagad A. Purba,
Dates associated with a name 1981-
Relator term author.
245 10 - TITLE STATEMENT
Title WORLD CONSPIRACY :
Remainder of title STEPS TO ONE WORLD DICTATORSHIP GOVERNMENT /
Statement of responsibility, etc. JAGAD A. PURBA ; PENTERJEMAH : RIHHADATUL AISYA ; EDITORIAL Jabatan Editorial HRP
264 #1 - PRODUCTION, PUBLICATION, DISTRIBUTION, MANUFACTURE, AND COPYRIGHT NOTICE
Place of production, publication, distribution, manufacture Petaling Jaya, Selangor :
Name of producer, publisher, distributor, manufacturer Hijjaz Records Publishing,
Date of production, publication, distribution, manufacture, or copyright notice 2023
300 ## - PHYSICAL DESCRIPTION
Extent x, 294 pages :
Other physical details colour illustrations, colour photographs, colour maps ;
Dimensions 21 cm
336 ## - CONTENT TYPE
Content type term text
Source rdacontent
337 ## - MEDIA TYPE
Media type term unmediated
Source rdamedia
338 ## - CARRIER TYPE
Carrier type term volume
Source rdacarrier
504 ## - BIBLIOGRAPHY, ETC. NOTE
Bibliography, etc. note Bibliography: pages 289-294
650 10 - SUBJECT ADDED ENTRY--TOPICAL TERM
Topical term or geographic name entry element Conspiracies
Topical term or geographic name entry element Conspiracy theories
Topical term or geographic name entry element Dictatorship
Topical term or geographic name entry element Dictators
700 0# - ADDED ENTRY--PERSONAL NAME
Personal name Rihhadatul Aisya,
Dates associated with a name 1997-
Relator term translator.
710 2# - ADDED ENTRY--CORPORATE NAME
Corporate name or jurisdiction name as entry element Jabatan Editorial HRP,
Relator term editor.
942 ## - ADDED ENTRY ELEMENTS (KOHA)
Source of classification or shelving scheme Dewey Decimal Classification
Koha item type Book
Holdings
Withdrawn Not for loan Current library Shelving location Date acquired Total Checkouts Total Renewals Full call number Barcode Date last seen Date last checked out Koha item type
    Perpustakaan Alor Setar Pinjaman Dewasa 28/02/2024 6 1 001.98 JAG A01818212 01/11/2025 11/10/2025 Book
    Perpustakaan Awam Sungai Petani Pinjaman Dewasa 28/02/2024     001.98 JAG A01818213 28/02/2024   Book
    Perpustakaan Baling Pinjaman Dewasa 28/02/2024     001.98 JAG A01818217 28/02/2024   Book
    Perpustakaan Bandar Baharu Pinjaman Dewasa 28/02/2024     001.98 JAG A01818218 28/02/2024   Book
    Perpustakaan Jitra Pinjaman Dewasa 28/02/2024     001.98 JAG A01818214 28/02/2024   Book
    Perpustakaan Kuala Nerang Pinjaman Dewasa 28/02/2024 1   001.98 JAG A01818220 23/07/2024 23/07/2024 Book
    Perpustakaan Kuala Nerang Pinjaman Dewasa 28/02/2024     001.98 JAG A01818222 28/02/2024   Book
    Perpustakaan Kulim Pinjaman Dewasa 28/02/2024     001.98 JAG A01818216 28/02/2024   Book
    Perpustakaan Langkawi Pinjaman Dewasa 28/02/2024 2 1 001.98 JAG A01818215 04/02/2026 16/12/2025 Book
    Perpustakaan Merbok Pinjaman Dewasa 28/02/2024     001.98 JAG A01818219 28/02/2024   Book
    Perpustakaan Pendang Pinjaman Dewasa 28/02/2024 1 1 001.98 JAG A01818223 11/08/2024 09/07/2024 Book
    Perpustakaan Sik Pinjaman Dewasa 28/02/2024     001.98 JAG A01818221 28/02/2024   Book